Instruments de corrent altern
Descripción Física:
84 p. : il. ; 22'5 cm
Colección:
Text núm. 39-40
Otros Autores:
Catalunya. Extensió d'Ensenyament Tècnic
Materias:
Corrents alterns
MARC
| LEADER | 00000nam a2200000Ia 4500 | ||
|---|---|---|---|
| 001 | 7713 | ||
| 008 | 160829s9999 xx 000 0 cat d | ||
| 080 | |a C-1-478 | ||
| 245 | |a Instruments de corrent altern | ||
| 260 | |a Barcelona : |b Mancomunitat de Catalunya, Extensió d' Ensenyament Tècnic, [s.a.] | ||
| 300 | |a 84 p. : |b il. ; |c 22'5 cm | ||
| 490 | |a Text núm. 39-40 | ||
| 590 | |a Hi ha un duplicat DUP-172 | ||
| 650 | |a Corrents alterns |9 20970 | ||
| 700 | |a Catalunya. Extensió d'Ensenyament Tècnic |9 20004 | ||
| 710 | 2 | |a Catalunya. |b Mancomunitat |9 53015 | |
| 901 | |a Arxiu | ||
| 942 | |n 1 | ||
| 952 | |0 0 |1 0 |4 0 |6 C1478 |7 1 |9 41758 |a Arxiu |b Arxiu |d 2016-12-01 |l 0 |o C-1-478 |p 7713 |r 2016-12-01 00:00:00 |w 2016-12-01 |y ARXIU | ||
| 999 | |c 43648 |d 43648 | ||